[Event "Vladimir op-A"]
[Site "Vladimir"]
[Date "2008.08.20"]
[Round "8"]
[White "Bojarinov, Victor A"]
[Black "Mihajlovskij, Sergei"]
[Result "1-0"]
[WhiteElo "2313"]
[BlackElo "2484"]
[PlyCount "91"]
[EventDate "2008.08.12"]
[EventType "swiss"]
[EventRounds "10"]
[EventCountry "RUS"]
[SourceTitle "CBM 126 Extra"]
[Source "ChessBase"]
[SourceDate "2008.11.05"]
[SourceVersion "1"]
[SourceVersionDate "2008.11.05"]
[SourceQuality "1"]

1. e4 g6 2. d4 Bg7 3. c3 d6 4. Nf3 Nf6 5. Bd3 0-0 6. 0-0 a6 7. h3 Nfd7 8. Bg5 Nc6 9. Qd2 f6 10. Bh6 e5 11. Na3 Nb6 12. Rfe1 Qe7 13. Nc2 Nd8 14. Be3 Nf7 15. a4 Nd7 16. Nb4 a5 17. Nd5 Qd8 18. c4 c6 19. Nc3 exd4 20. Nxd4 Nc5 21. Bc2 Re8 22. Rad1 Ne5 23. Qe2 Qe7 24. f4 Ned7 25. Qd2 Qf7 26. b3 Bf8 27. Nf3 Na6 28. Bd4 Nb4 29. Bb1 Bh6 30. Be3 Nc5 31. Qb2 Qf8 32. g3 Bxh3 33. Rd2 Rad8 34. Kf2 Bc8 35. Bd4 Bg7 36. f5 gxf5 37. exf5 Bh6 38. Rdd1 Rxe1 39. Nxe1 Re8 40. Bxc5 dxc5 41. Ne4 Re5 42. Nf3 Rxf5 43. Nd6 Rh5 44. Nxc8 f5 45. Nd6 Bg7 46. Qe2 1-0